| 000 | 01383nam a2200349Ia 4500 | ||
|---|---|---|---|
| 001 | ebr10351536 | ||
| 003 | CaPaEBR | ||
| 006 | m u | ||
| 007 | cr cn||||||||| | ||
| 008 | 030116t20042001miu sb 001 0 eng d | ||
| 010 | _z 00010837 | ||
| 020 | _z047208903X | ||
| 020 | _z0472111922 (CASED) | ||
| 020 | _z9780472089031 | ||
| 040 |
_aCaPaEBR _cCaPaEBR |
||
| 035 | _a(OCoLC)593274279 | ||
| 050 | 1 | 4 |
_aJC571 _b.H765 2004eb |
| 245 | 0 | 0 |
_aHuman rights _h[electronic resource] : _bconcepts, contests, contingencies / _cedited by Austin Sarat and Thomas R. Kearns. |
| 260 |
_aAnn Arbor, MI : _bUniversity of Michigan Press, _c2004, c2001. |
||
| 300 | _a124 p. | ||
| 490 | 1 | _aThe Amherst series in law, jurisprudence, and social thought | |
| 504 | _aIncludes bibliographical references and index. | ||
| 533 |
_aElectronic reproduction. _bPalo Alto, Calif. : _cebrary, _d2011. _nAvailable via World Wide Web. _nAccess may be limited to ebrary affiliated libraries. |
||
| 650 | 0 | _aCivil rights. | |
| 650 | 0 | _aHuman rights. | |
| 655 | 7 |
_aElectronic books. _2local |
|
| 700 | 1 | _aKearns, Thomas R. | |
| 700 | 1 | _aSarat, Austin. | |
| 710 | 2 | _aebrary, Inc. | |
| 830 | 0 | _aAmherst series in law, jurisprudence, and social thought. | |
| 856 | 4 | 0 |
_uhttp://site.ebrary.com/lib/rucke/Doc?id=10351536 _zAn electronic book accessible through the World Wide Web; click to view |
| 999 |
_c155137 _d155137 |
||